[Event "Titled Tuesday intern op 1st Oct"]
[Site "Chess.com INT"]
[Date "2019.10.01"]
[Round "9"]
[White "Radivojevic, Ivan"]
[Black "Henderson de la Fuente, Lance"]
[Result "1/2-1/2"]
[WhiteElo "2365"]
[BlackElo "2494"]
[PlyCount "131"]
[EventDate "2019.10.01"]
[EventType "swiss (blitz)"]
[EventRounds "10"]
[EventCountry "USA"]
[SourceTitle "EXT 2021"]
[Source "ChessBase"]
[SourceDate "2020.10.23"]
[SourceVersion "1"]
[SourceVersionDate "2020.10.23"]
[SourceQuality "1"]

1. e4 e6 2. d4 d5 3. Nc3 Bb4 4. e5 c5 5. a3 Ba5 6. b4 cxd4 7. Nb5 Bc7 8. f4 Bd7 9. Nxd4 Ne7 10. Ngf3 Nbc6 11. Bd3 Nxd4 12. Nxd4 Bb6 13. Be3 Nc6 14. Nxc6 Bxc6 15. Qe2 Qh4+ 16. Qf2 Qxf2+ 17. Kxf2 f6 18. exf6 gxf6 19. Rhe1 Kf7 20. b5 Bd7 21. c4 dxc4 22. Bxc4 Rac8 23. Rac1 f5 24. Bxb6 axb6 25. Rcd1 Rxc4 26. Rxd7+ Kf6 27. Rxb7 Rxf4+ 28. Kg3 Rg4+ 29. Kf3 Ra8 30. Rxb6 Rxa3+ 31. Kf2 Rf4+ 32. Kg1 Re4 33. Rxe4 fxe4 34. Kf2 Ke5 35. Rb7 Ra2+ 36. Kf1 Kd4 37. Rxh7 Kd3 38. Rd7+ Ke3 39. Rd1 Rf2+ 40. Kg1 Rb2 41. h4 Rxb5 42. Rd6 Rb1+ 43. Kh2 e5 44. h5 Kf4 45. h6 Rb7 46. Kg1 e3 47. Kf1 Rb1+ 48. Ke2 Rb2+ 49. Kf1 e2+ 50. Kf2 e1Q+ 51. Kxe1 Rxg2 52. h7 Rh2 53. Rd7 Ke3 54. Kf1 e4 55. Kg1 Rh6 56. Kg2 Ke2 57. Kg3 e3 58. Kg4 Kf2 59. Kg5 Rh1 60. Kg6 e2 61. Rd2 Ke3 62. Rxe2+ Kxe2 63. Kg7 Rg1+ 64. Kf7 Rh1 65. Kg7 Rxh7+ 66. Kxh7 1/2-1/2

[Event "SRB-chT 1st League"]
[Site "Bajina Basta"]
[Date "2019.09.16"]
[Round "5.18"]
[White "Radivojevic, Ivan"]
[Black "Colovic, Dusan"]
[Result "1-0"]
[WhiteElo "2371"]
[BlackElo "2257"]
[PlyCount "85"]
[EventDate "2019.09.13"]
[EventType "team-tourn"]
[EventRounds "11"]
[EventCountry "SRB"]
[SourceTitle "CBM 195 Extra"]
[Source "ChessBase"]
[SourceDate "2020.05.31"]
[SourceVersion "1"]
[SourceVersionDate "2020.05.31"]
[SourceQuality "1"]
[WhiteTeam "Pozega"]
[BlackTeam "Metalac"]
[WhiteTeamCountry "SRB"]
[BlackTeamCountry "SRB"]

1. e4 e6 2. Nc3 d5 3. d4 dxe4 4. Nxe4 Bd7 5. Nf3 Bc6 6. Bd3 Nd7 7. Qe2 Ngf6 8. Bg5 Be7 9. Bxf6 Nxf6 10. 0-0-0 Nxe4 11. Bxe4 Bxe4 12. Qxe4 c6 13. Kb1 Qd5 14. Qe2 a5 15. c4 Qf5+ 16. Qd3 Qxd3+ 17. Rxd3 0-0-0 18. Kc2 Bf6 19. Rhd1 Kc7 20. Ra3 Ra8 21. Ne5 b6 22. f4 Rhf8 23. d5 Bxe5 24. fxe5 exd5 25. cxd5 cxd5 26. Rxd5 Rad8 27. Rc3+ Kb7 28. Rxd8 Rxd8 29. Rh3 h6 30. Rg3 g5 31. Rf3 Rd7 32. Kc3 Kc6 33. Rf6+ Kd5 34. Rxh6 Kxe5 35. Rxb6 f5 36. Rb5+ Ke4 37. Rxa5 g4 38. b4 Rh7 39. b5 f4 40. b6 f3 41. Ra4+ Ke3 42. gxf3 gxf3 43. Ra7 1-0

[Event "Titled Tuesday intern op 6th Nov"]
[Site "Chess.com INT"]
[Date "2018.11.06"]
[Round "5"]
[White "Kotepalli, Sai Nirupama"]
[Black "Radivojevic, Ivan"]
[Result "1/2-1/2"]
[WhiteElo "1949"]
[BlackElo "2360"]
[PlyCount "138"]
[EventDate "2018.11.06"]
[EventType "swiss (blitz)"]
[EventRounds "10"]
[EventCountry "USA"]
[SourceTitle "EXT 2021"]
[Source "ChessBase"]
[SourceDate "2020.10.23"]
[SourceVersion "1"]
[SourceVersionDate "2020.10.23"]
[SourceQuality "1"]

1. d4 Nf6 2. Bf4 e6 3. e3 b6 4. c4 Bb7 5. Nf3 Bb4+ 6. Nc3 Ne4 7. Qb3 Nxc3 8. Qxb4 Ne4 9. Bd3 d6 10. 0-0 0-0 11. a4 Qe7 12. a5 c5 13. Qb3 e5 14. dxe5 dxe5 15. Bxe4 exf4 16. Bxb7 Qxb7 17. exf4 Nc6 18. axb6 axb6 19. h3 Qc7 20. g3 Rad8 21. Ra6 Nb4 22. Ra3 Rd3 23. Qa4 Qb7 24. Ne5 Rd2 25. Qb3 f6 26. Ng4 Rfd8 27. Re1 h5 28. Ne3 Qf3 29. Rf1 R8d3 30. Qa4 Rxf2 31. Rxf2 Qxe3 32. Qa8+ Kh7 33. Rxd3 Nxd3 34. Qf3 Qxf2+ 35. Qxf2 Nxf2 36. Kxf2 Kg6 37. g4 hxg4 38. hxg4 f5 39. Kf3 Kf6 40. b3 Ke6 41. Kg3 Kf6 42. Kh4 fxg4 43. Kxg4 g6 44. Kg3 Kf5 45. Kf3 Kf6 46. Kg4 Kf7 47. Kg5 Kg7 48. f5 gxf5 49. Kxf5 Kf7 50. Ke5 Ke7 51. Kd5 Kd7 52. Ke5 Ke7 53. Kf4 Kf6 54. Ke4 Ke6 55. Kd3 Kf5 56. Kc3 Ke4 57. b4 Ke3 58. bxc5 bxc5 59. Kc2 Kd4 60. Kb3 Kd3 61. Kb2 Kd4 62. Kb3 Kd3 63. Kb2 Kxc4 64. Kc2 Kd4 65. Kd2 c4 66. Kc2 c3 67. Kc1 Kd3 68. Kd1 c2+ 69. Kc1 Kc3 1/2-1/2

[Event "Titled Tuesday intern op 6th Nov"]
[Site "Chess.com INT"]
[Date "2018.11.06"]
[Round "6"]
[White "Radivojevic, Ivan"]
[Black "Mejia, Cherry Ann"]
[Result "1-0"]
[WhiteElo "2360"]
[BlackElo "2215"]
[PlyCount "125"]
[EventDate "2018.11.06"]
[EventType "swiss (blitz)"]
[EventRounds "10"]
[EventCountry "USA"]
[SourceTitle "EXT 2021"]
[Source "ChessBase"]
[SourceDate "2020.10.23"]
[SourceVersion "1"]
[SourceVersionDate "2020.10.23"]
[SourceQuality "1"]

1. e4 c5 2. Nc3 a6 3. g3 b5 4. Bg2 Bb7 5. d3 e6 6. f4 Nf6 7. Nh3 d5 8. Nf2 b4 9. Ne2 dxe4 10. Nxe4 Nxe4 11. Bxe4 Bxe4 12. dxe4 Qxd1+ 13. Kxd1 Nc6 14. c3 Be7 15. Kc2 0-0 16. Be3 Rac8 17. Rhd1 Rfd8 18. Rxd8+ Rxd8 19. Rd1 Rxd1 20. Kxd1 Na5 21. cxb4 cxb4 22. Kc2 f6 23. Kd3 Kf7 24. Bb6 Nb7 25. Nd4 Bd6 26. Nc6 Ke8 27. Kc4 Kd7 28. Nxb4 Bxb4 29. Kxb4 Kc6 30. Bd4 Nd6 31. e5 fxe5 32. Bxe5 Nf5 33. Ka5 Kb7 34. Kb4 Kc6 35. Kc4 g6 36. Bd4 Nd6+ 37. Kd3 Kd5 38. b4 Nb5 39. Bb2 Nd6 40. a4 Ne4 41. Bd4 Nd6 42. Bc5 Nb7 43. Be3 Nd6 44. Bc5 Nc4 45. Kc3 e5 46. fxe5 Nxe5 47. Be3 Ng4 48. Bg1 Nf6 49. b5 axb5 50. axb5 Ne4+ 51. Kb4 Kd6 52. Kc4 Ng5 53. Be3 Nf3 54. Bf4+ Kd7 55. b6 Kc8 56. h4 Kb7 57. Bc7 h5 58. Kd5 g5 59. Ke4 Nd2+ 60. Kd3 Nf3 61. Ke3 g4 62. Kf4 Kc6 63. Kf5 1-0

[Event "Titled Tuesday intern op 6th Nov"]
[Site "Chess.com INT"]
[Date "2018.11.06"]
[Round "8"]
[White "Radivojevic, Ivan"]
[Black "Steinbuerg, Karl W"]
[Result "1-0"]
[WhiteElo "2360"]
[BlackElo "2341"]
[PlyCount "73"]
[EventDate "2018.11.06"]
[EventType "swiss (blitz)"]
[EventRounds "10"]
[EventCountry "USA"]
[SourceTitle "EXT 2021"]
[Source "ChessBase"]
[SourceDate "2020.10.23"]
[SourceVersion "1"]
[SourceVersionDate "2020.10.23"]
[SourceQuality "1"]

1. e4 e6 2. d4 d5 3. Nc3 Bb4 4. e5 c5 5. a3 Bxc3+ 6. bxc3 Qa5 7. Bd2 c4 8. h4 Qa4 9. h5 h6 10. Rh4 Ne7 11. Rf4 Nbc6 12. g4 Bd7 13. Qf3 Rf8 14. Kd1 g5 15. hxg6 Nxg6 16. Rf6 0-0-0 17. Bxh6 Rh8 18. Be3 Ngxe5 19. dxe5 Nxe5 20. Qf4 Rh1 21. Qxe5 Rxg1 22. Kd2 Rxg4 23. Rxf7 Re4 24. Qd6 Qa5 25. Qc5+ Qxc5 26. Bxc5 b6 27. Be3 e5 28. Bg2 Rg4 29. Bh3 d4 30. Bxg4 dxe3+ 31. Kxe3 Bxg4 32. Rg1 Bd7 33. Rgg7 Kc7 34. Ke4 Kd6 35. Rxd7+ Rxd7 36. Rxd7+ Kxd7 37. Kxe5 1-0